Hodnotenie účinnosti hospodárskej politiky SR bakalárska práca

Enregistré dans:
Détails bibliographiques
Auteur principal: Ondrejka, Šimon
Collectivité auteur: Národohospodárska fakulta EU. Katedra hospodárskej politiky
Autres auteurs: Nežinský, Eduard, 1972-
Format: Livre
Langue:slovaque
Publié: Bratislava 2017
Tags: Ajouter un tag
Pas de tags, Soyez le premier à ajouter un tag!

MARC

LEADER 00000nbm a2200000 4500
001 0233667
005 20170801092808.4
041 0 |a slo 
044 |a SK 
245 1 0 |a Hodnotenie účinnosti hospodárskej politiky SR  |b bakalárska práca  |c Šimon Ondrejka ; školiteľ: Eduard Nežinský 
264 1 |a Bratislava  |c 2017 
300 |a 42 s. 
100 1 |a Ondrejka, Šimon 
700 1 |a Nežinský, Eduard, 1972- 
710 2 |a Národohospodárska fakulta EU. Katedra hospodárskej politiky